00395nam a2200157 a 45000010005000000030009000050080041000140400028000550820016000831000014000992450025001132600031001383000014001694900032001836500022002151785CO-ViMGA141112s2004 ck r 000 u spa d aCO-ViMGAbspacCO-ViMGA04a751.44 S1591 aSalzamann10aLa pintura al pastel aBarcelona : bCeac, c1988 a55 p : il aGuías de dibujo y pintura14aPINTURA AL PASTEL